000
00282nam a2200133Ia 4500
100
_a
MARUTI SUZUKI
650
_a
MOTOR MECHANIC
942
_c
BK
245
_a
SERVICE TRAINING HANDBOOK ADVANCE COURSE
260
_b
#N/A
082
_a
629.3/SUZ
546
_a
ENGLISH
999
_c
27360
_d
27360